000 00415nam a2200133 a 4500
001 000044515
005 20230306100132.0
008 140704s2004 dr a 000 0 spa d
040 _aDO-SdBNP
_bspa
_cBNPHU
245 0 0 _aJusticia para todos :
_bnuevo código procesal penal.
260 _aSanto Domingo :
_bFINJUS,
_c2004.
300 _a11 p. :
_bil. ;
_c29 cm.
710 1 _aFundación Institucionalidad y Justicia
_919649
999 _c44004
_d44004